000 00537nam a22001937a 4500
003 KOHA_MİRAKIL
005 20250930143941.0
008 250930b tu ||||| |||| 00| 0 tur d
020 _a9786055290481
040 _aTR-AnABB
_btur
_cTR-AnABB
041 _atur
082 _a813.42
_bKAY 2020
100 1 _aKaygusuz, Döndü,
245 1 0 _aEhl-i Beyt'in feryadı /
_cDöndü Kaygusuz
260 _aAnkara :
_bYurt Kitap Yayın,
_c2020
300 _a309 sayfa ;
_c19 cm
650 0 4 _aTürk edebiyatı, roman
942 _2ddc
_cBK
999 _c8979
_d8979
900 _bGizem YORULMAZ